Nové výzvy pre priemyselnú politiku SR
Priemyselná politika je významnou súčasťou hospodárskej politiky SR. Priemysel je významným tvorcom HDP. Priemyselná politika v integračnom procese ako parciálna súčasť Lisabonskej stratégie. Priemyselná politika a konkurencieschopnosť. Zabezpečenie priaznivého podnikateľského prostredia a posilnen...
Saved in:
| Main Author: | |
|---|---|
| Format: | Book Chapter |
| Language: | Slovak |
| Subjects: | |
| Tags: |
No Tags, Be the first to tag this record!
|
MARC
| LEADER | 00000nla$a2200000$$$4500 | ||
|---|---|---|---|
| 001 | 0076140 | ||
| 005 | 20240502071906.4 | ||
| 041 | 0 | |a slo | |
| 044 | |a SK | ||
| 245 | 1 | 0 | |a Nové výzvy pre priemyselnú politiku SR |c Ján Lukáčik |
| 520 | |a Priemyselná politika je významnou súčasťou hospodárskej politiky SR. Priemysel je významným tvorcom HDP. Priemyselná politika v integračnom procese ako parciálna súčasť Lisabonskej stratégie. Priemyselná politika a konkurencieschopnosť. Zabezpečenie priaznivého podnikateľského prostredia a posilnenie nového profilu priemyslu v integračnom procese. | ||
| 610 | 2 | 0 | |a politika priemyselná |
| 610 | 2 | 0 | |a prostredie podnikateľské |
| 610 | 2 | 0 | |a konkurencieschopnosť |
| 610 | 2 | 0 | |a globalizácia |
| 610 | 2 | 0 | |a vlastníctvo duševné |
| 100 | 1 | |a Lukáčik, Ján | |